|
|
|
|
| LEADER |
00000nam0a2200000 4500 |
| 001 |
67641 |
| 005 |
20231031073725.0 |
| 035 |
|
|
|a (RuTPU)RU\TPU\book\72023
|
| 090 |
|
|
|a 67641
|
| 100 |
|
|
|a 20040918d1981 km y0rusy50 ca
|
| 101 |
0 |
|
|a rus
|
| 102 |
|
|
|a RU
|
| 105 |
|
|
|a a z 000zy
|
| 200 |
1 |
|
|a Газохроматографический анализ загрязнённого воздуха
|f Ю. С. Другов, В. Г. Берёзкин
|
| 210 |
|
|
|a Москва
|c Химия
|d 1981
|
| 215 |
|
|
|a 254 с.
|c ил.
|
| 320 |
|
|
|a Библиография в конце глав.
|
| 610 |
1 |
|
|a хроматография
|
| 610 |
1 |
|
|a воздух
|
| 610 |
1 |
|
|a хроматографический анализ
|
| 610 |
1 |
|
|a пробы
|
| 610 |
1 |
|
|a отбор
|
| 610 |
1 |
|
|a подготовка
|
| 610 |
1 |
|
|a примеси
|
| 610 |
1 |
|
|a детекторы
|
| 610 |
1 |
|
|a неорганические вещества
|
| 610 |
1 |
|
|a определение
|
| 610 |
1 |
|
|a органические вещества
|
| 675 |
|
|
|a 551.51
|v 3
|
| 700 |
|
1 |
|a Другов
|b Ю. С.
|g Юрий Степанович
|
| 701 |
|
1 |
|a Берёзкин
|b В. Г.
|g Виктор Григорьевич
|
| 801 |
|
1 |
|a RU
|b 63413507
|c 20040918
|g PSBO
|
| 801 |
|
2 |
|a RU
|b 63413507
|c 20151110
|g PSBO
|
| 942 |
|
|
|c BK
|